Modeling and Analysis of Dynamic Systems /

محفوظ في:
التفاصيل البيبلوغرافية
المؤلف الرئيسي: Close, Charles M. (autor)
مؤلفون آخرون: Frederick, Dean K. (autor) (autor), Newell, Jonathan C. (autor) (autor)
التنسيق: كتاب
اللغة:الإنجليزية
منشور في: Nueva York, EUA : Wiley, 2002, c2002
الطبعة:3a edición
الموضوعات:
الوسوم: إضافة وسم
لا توجد وسوم, كن أول من يضع وسما على هذه التسجيلة!

MARC

LEADER 00000nam^a2200000^a^4500
001 000136172
005 20250521000000.0
009 20260310095308.488
020 |a 0-471-39442-4 
037 |a Acervo ITESO - Biblioteca 
041 |a ING 
082 |a 121. 985  |b CLO 
100 |a Close, Charles M.  |e (autor) 
245 1 0 |a Modeling and Analysis of Dynamic Systems /  |c C.M. Close, D.K. Frederik, J.C. Newell. 
250 |a 3a edición 
264 4 |a Nueva York, EUA :  |b Wiley,  |c 2002, c2002 
300 |a XIV, 576 p. 
336 |a texto  |b txt  |2 rdacontenido 
337 |a sin mediación  |b n  |2 rdamedio 
338 |a volumen  |b nc  |2 rdasoporte 
649 |a XX 
650 |a Sistemas Dinámicos 
650 |a Teoría de Sistemas 
650 |a Análisis de Sistemas 
650 |a Métodos de Simulación 
650 |a Matemáticas 
650 |a Ingeniería Computacional 
700 |a Frederick, Dean K.  |e (autor) 
700 |a Newell, Jonathan C.  |e (autor) 
910 |a Fondo General 
920 |a Impresos - Libros 
930 |a Colección General 
905 |a 101 
901 |a 0500064988  |b IT1  |c ACC  |u 20250521 
902 |a https://opac.biblio.iteso.mx/vufind/Record/000136172